| 000 | 00854nam a2200217 i 4500 | ||
|---|---|---|---|
| 003 | IT-RoINE | ||
| 005 | 20190220085338.0 | ||
| 008 | 960722s1956 sp rb |cspa d | ||
| 040 |
_aSpMaBN _bspa _cCDM IT-RoINE _dIT-RoINE |
||
| 100 | 1 |
_aParra Garrigues, Pilar _957376 |
|
| 245 | 1 | 0 |
_aHistorial de la Facultad de Filosofía y Letras de la Universidad de Madrid : _b(ensayo bio-bibliográfico) / _cPilar Parra Garrigues. |
| 260 |
_aMadrid : _b[s.n.], _c1956. |
||
| 300 |
_a466 p. ; _c20 cm. |
||
| 336 |
_2rdacontent _atext |
||
| 337 |
_2rdamedia _aunmediated |
||
| 338 |
_2rdacarrier _avolume |
||
| 610 | 2 | 4 |
_aUniversidad Complutense de Madrid (España) _xHistoria _957377 |
| 650 | 4 |
_aProfesores (Enseñanza superior) _zEspaña _ySiglos 19o.-20o. _957378 |
|
| 710 | 2 |
_aUniversidad de Madrid (España). _bFacultad de Filosofía y Letras _957379 |
|
| 942 | _cMTS | ||
| 999 |
_c29218 _d29218 |
||